Off the beaten track / (Record no. 85331)

MARC details
000 -LEADER
fixed length control field 01022nam a2200325 a 4500
001 - CONTROL NUMBER
control field vtls000081628
003 - CONTROL NUMBER IDENTIFIER
control field NLI
005 - DATE AND TIME OF LATEST TRANSACTION
control field 20210601194421.0
008 - FIXED-LENGTH DATA ELEMENTS--GENERAL INFORMATION
fixed length control field 101125s2002 enk 000 0 eng
020 ## - INTERNATIONAL STANDARD BOOK NUMBER
International Standard Book Number 0521801141 :
Terms of availability PND 42.50
039 #9 - LEVEL OF BIBLIOGRAPHIC CONTROL AND CODING DETAIL [OBSOLETE]
-- 201011250854
-- VLOAD
040 0# - CATALOGING SOURCE
Original cataloging agency NLI
Language of cataloging eng
Transcribing agency Entertech-2003
Description conventions AACR2
041 1# - LANGUAGE CODE
Language code of text/sound track or separate title eng
Language code of original ger
044 ## - COUNTRY OF PUBLISHING/PRODUCING ENTITY CODE
MARC country code enk
082 04 - DEWEY DECIMAL CLASSIFICATION NUMBER
Classification number 193
100 1# - MAIN ENTRY--PERSONAL NAME
Personal name Heidegger, Martin,
Dates associated with a name 1889-1976
9 (RLIN) 81295
240 1# - UNIFORM TITLE
Uniform title Holzwege.
Language of a work English
245 10 - TITLE STATEMENT
Title Off the beaten track /
Statement of responsibility, etc. Martin Heidegger ; edited and translated [ from the German] by Julian Young and Kenneth Haynes
260 ## - PUBLICATION, DISTRIBUTION, ETC.
Place of publication, distribution, etc. Cambridge :
Name of publisher, distributor, etc. The University Press,
Date of publication, distribution, etc. c2002
300 ## - PHYSICAL DESCRIPTION
Extent x, 291 p. ;
Dimensions 24 cm.
500 ## - GENERAL NOTE
General note Translation of : Holzwege
650 #0 - SUBJECT ADDED ENTRY--TOPICAL TERM
Topical term or geographic name entry element Philosophy
9 (RLIN) 160
700 1# - ADDED ENTRY--PERSONAL NAME
Personal name Young, Julian,
Relationship trl
9 (RLIN) 183659
700 1# - ADDED ENTRY--PERSONAL NAME
Personal name Haynes, Kenneth,
Relationship trl
9 (RLIN) 187075
887 ## - NON-MARC INFORMATION FIELD
Content of non-MARC field
901 ## - LOCAL DATA ELEMENT A, LDA (RLIN)
a 544859
b 09.06.1903
902 ## - LOCAL DATA ELEMENT B, LDB (RLIN)
a E193 H362ob
949 ## - LOCAL PROCESSING INFORMATION (OCLC)
-- VIRTUAITEM
-- 10000
-- 100
6 PUR000544859ENG
942 ## - ADDED ENTRY ELEMENTS (KOHA)
Source of classification or shelving scheme Dewey Decimal Classification
Koha item type Books
Holdings
Withdrawn status Lost status Damaged status Not for loan Collection code Home library Current library Shelving location Date acquired Total Checkouts Full call number Barcode Date last seen Price effective from Koha item type
        New English National Library of India National Library of India New English - Main Stack Division     E193 H362ob PUR000544859ENG 01/06/2021 01/06/2021 Books
                                                                           
web counter

Copyright ©2020 The National Library of India, Govt. of India ↔ Hosted by NVLI, MOC ↔ Technology and Design by National Library of India, Ministry of Culture, Govt. of India